00215 a2200085 4500020001500000100002500015245003600040260004300076300001000119 a0195470834 aCharlesworth & Brian aEvolutionbA very short history aKarachibOxford Universtiy Pressc1995 a145 P